000 01885nam0a2200433 4500
001 RU\NLR\bibl\1931028
005 20260409072752.0
010 _a978-5-87555-772-9
_9100
021 _aRU
_b2012-52623
_93840
035 _a(NLR Aleph) 001920382
035 _a(nilc)LIBNET\0000254975
090 _a3298066
_c3298066
100 _a20120703d2012 u y0rusy50 ca
101 0 _arus
102 _aRU
105 _ay |||||||||
200 1 _aЗаглавие - диктемное имя текста
_e(на материале английского языка)
_eмонография
_fБогданова О. Ю.
_gМ-во образования и науки РФ, ФГБОУ ВПО "Яросл. гос. пед. ун-т им. К. Д. Ушинского"
210 _aЯрославль
_cИзд-во ЯГПУ
_d2012
215 _a144 с.
_cтабл.
_d20
320 _aБиблиогр.: с. 115-144
606 1 _aЗаглавия
_91232081
_3RU\NLR\auth\66502484
606 _aТекст (лингв.)
_3RU\NLR\auth\661077073
_91745069
606 1 _aАнглийский язык
_xСтилистика
_9977129
_3RU\NLR\auth\6648589
606 1 _aАнглийская литература
_xЯзык и стиль
_9981982
_3RU\NLR\auth\6651407
686 _a81.07
_vLBC/RL
_2rubbk
686 _a81.2Англ-7
_vLBC/RL
_2rubbk
686 _aШ401.19
686 _aШ102.23
686 _aШ143.21-70
686 _aШ5(4Вл)-357
700 1 _4070
_7ca
_8rus
_aБогданова
_bО. Ю.
_cканд. филол. наук, лингвистика
_gОксана Юрьевна
_9229463
_3RU\NLR\AUTH\770229519
801 0 _aRU
_bЯрославская ОУНБ
_c20120703
_grcr
_2rusmarc
801 1 _aRU
_bЯрославская ОУНБ
_c20120703
_grcr
_2rusmarc
801 2 _aRU
_bNLR
_c20120802
_grcr
942 _cBOOK
980 _aNBR
980 _aNB